000 00689nam a2200241Ia 4500
003 OSt
005 20220918174229.0
006 a|||||r|||| 00| 0
007 ta
008 220917b |||||||| |||| 00| 0 eng d
024 _a11,210
037 _cTextual
040 _aARTS
_cARTS
_beng
041 _2eng
_aeng
082 _aMJ75u55:N5, H9
110 _aBritish Jute Trade Research Association (Dundee)
_949617
245 0 _aJute industry in Germany during the period 1939-45
260 _c1949
650 _aINDUSTRIAL ARTS
700 _aBritish Jute Trade Research Association (Dundee)
_949618
942 _hMJ75u55:N5, H9
_cTEXL
_2CC
999 _c152325
_d152325